000 00562nam a22001817a 4500
005 20240130132357.0
008 240130b |||||||| |||| 00| 0 eng d
020 _a9780702185441
041 _aEnglish
082 _a346.6 CAS
100 _aCassim, FH et al.
_lEnglish
245 _aContemporary Company Law /
_cFH Cassim et al.
250 _aFirst Edition
260 _aCape Town :
_bJuta and Company (Pty) Ltd,
_c2011
300 _bxxviii, 1001 pages ;
_c25,5 cm.
650 _aLegal practice
_bLaw
942 _cBK
_6ALISON_BN_VRIES
999 _c1308
_d1308